000
00333nam a22001577a 4500
003
SGT
020
_a
978-81-7739-581-5
082
_a
618.2
_b
O20S
100
_a
SHARMA, J.B.
245
_a
TB. OF OBSTETRICS
250
_a
2ND
260
_a
INDIA
_b
AVICHAL PUB.
_c
2020
300
_a
824
650
_a
OBSTETRICS
942
_2
ddc
_c
BK
_0
35
999
_c
19627
_d
19627